Nommez ces joueurs de rugby - Statistiques

Statistiques générales
  • Ce quiz a été pris 862 fois
  • Le résultat moyen est 8 sur 12
Statistiques - réponses
Par images Réponse % Correct
Sébastien Chabal
100%
Dan Carter
95%
Thierry Dusautoir
92%
Jonah Lomu
86%
Jonny Wilkinson
84%
Serge Blanco
80%
Bryan Habana
79%
Richie McCaw
73%
Brian O'Driscoll
47%
Francois Pienaar
8%
Gareth Edwards
8%
Colin Meads
2%
Aucun quiz correspondant
Distribution des résultats
% des personnes avec chaque résultat
Percentile par nombre de réponses
Votre historique - résultats
Vous n’avez pas pris ce quiz